Zahraničná politika Nemeckej spolkovej republiky po roku 1990 bakalárska práca

Na minha lista:
Detalhes bibliográficos
Autor principal: Gavronová, Barbora
Autor Corporativo: Fakulta medzinárodných vzťahov EU. Katedra medzinárodných politických vzťahov
Outros Autores: Zubro, Tetyana, 1975-
Formato: Livro
Idioma:eslovaco
Publicado em: Bratislava 2016
Tags: Adicionar Tag
Sem tags, seja o primeiro a adicionar uma tag!

MARC

LEADER 00000nbm a2200000 4500
001 0218143
005 20170131123614.3
041 0 |a slo 
044 |a SK 
245 1 0 |a Zahraničná politika Nemeckej spolkovej republiky po roku 1990  |b bakalárska práca  |c Barbora Gavronová ; školiteľ: Tetyana Zubro 
264 1 |a Bratislava  |c 2016 
300 |a 52 s. 
100 1 |a Gavronová, Barbora 
700 1 |a Zubro, Tetyana, 1975- 
710 2 |a Fakulta medzinárodných vzťahov EU. Katedra medzinárodných politických vzťahov